000 00269 a2200097 4500
001 55139
100 _a
245 _aGold Bird; PAkistan and its Air Force - observations of a pilot
260 _aKArachi
_bOxford' University Press
_c2002
090 _c34161
_d34161
942 _aNUST-CAE
_cMONOGRAPH
_c26849
999 _c290212
_d290212